000 00257nam a22001217a 4500
008 170403b xxu||||| |||| 00| 0 eng d
041 _aeng
080 _a574
100 _a9
101 _aSHM
245 _aCACTI AND SUCCULETS
_cDANIELS.G.S
942 _2udc
_cBK
999 _c9515
_d9515